Sports in Spanish - Statistics

General Stats
  • This quiz has been taken 43 times
  • The average score is 7 of 9
Answer Stats
Hint Answer % Correct
Fútbol Football
100%
Tenis Tennis
97%
Voleibol Volleyball
97%
Baloncesto Basketball
84%
Ciclismo Cycling
78%
Natación Swimming
78%
Balonmano Handball
75%
Atletismo Athletics
72%
Equitación Horse Riding
53%
No matching quizzes found
Score Distribution
Percent of People with Each Score
Percentile by Number Answered
Your Score History
You have not taken this quiz